Manuel Ascencio Segura / (Record no. 2879)
[ view plain ]
| 000 -CABECERA | |
|---|---|
| fixed length control field | 00947nam a22002297a 4500 |
| 003 - IDENTIFICADOR DEL NÚMERO DE CONTROL | |
| control field | AR-CdUCM |
| 008 - DATOS DE LONGITUD FIJA--INFORMACIÓN GENERAL | |
| fixed length control field | 190305b ||||| |||| 00| 0 spa d |
| 040 ## - FUENTE DE LA CATALOGACIÓN | |
| Agencia/entidad que catalogó originalmente la obra | MUNICIPALIDAD PROVINCIAL DEL CUSCO |
| Entidad que transcribió la catalogación | BIBLIOTECA MUNICIPAL DEL CUSCO |
| 082 ## - NÚMERO DE LA CLASIFICACIÓN DECIMAL DEWEY | |
| No. de Clasificación | 985.009 / |
| Notacion interna | C79 |
| 100 ## - ENTRADA PRINCIPAL--NOMBRE DE PERSONA | |
| Nombre Personal | Cornejo Polar, Jorge |
| 245 ## - MENCIÓN DE TÍTULO | |
| Título | Manuel Ascencio Segura / |
| 260 ## - PUBLICACIÓN, DISTRIBUCIÓN, ETC. | |
| Lugar de publicación, distribución, etc. | Lima : |
| Nombre de la editorial, distribuidor, etc. | Visión Peruana, |
| -- | Monterrico, |
| Fecha de publicación, distribución, etc. | 1987. |
| 300 ## - DESCRIPCIÓN FÍSICA | |
| Nº de Páginas Extensión | 63 páginas ; |
| Otros detalles físicos | ilustraciones, |
| Dimensiones | 21 cm. |
| 440 ## - MENCIÓN DE SERIE/PUNTO DE ACCESO ADICIONAL--TÍTULO | |
| Título | Los que hicieron el Perú, Biblioteca visión peruana. |
| Número de la parte/sección de una obra | 11 |
| 9 (RLIN) | 9945 |
| 505 ## - NOTA DE CONTENIDO CON FORMATO | |
| Nota de contenido formateada | Contenido: Los costumbristas Peruanos -- Vida de Manuel Ascencio Segura -- El señor Segura hombre de teatro -- La obra de Segura -- Segura padre del teatro Peruano ... |
| 650 ## - PUNTO DE ACCESO ADICIONAL DE MATERIA--TÉRMINO DE MATERIA | |
| Descriptor | Biografía |
| 9 (RLIN) | 22 |
| 650 ## - PUNTO DE ACCESO ADICIONAL DE MATERIA--TÉRMINO DE MATERIA | |
| Descriptor | Historia |
| 9 (RLIN) | 136 |
| 650 ## - PUNTO DE ACCESO ADICIONAL DE MATERIA--TÉRMINO DE MATERIA | |
| Descriptor | Escritor |
| 9 (RLIN) | 4550 |
| 942 ## - ELEMENTOS DE PUNTO DE ACCESO ADICIONAL (KOHA) | |
| Fuente de clasificación | |
| Tipo de item | Libros-BMC |
| 945 ## - PROCESAMIENTO DE INFORMACIÓN LOCAL (OCLC) | |
| Catalogador | achl |
No items available.